<?xml version="1.0" encoding="UTF-8"?>
<record
    xmlns:xsi="http://www.w3.org/2001/XMLSchema-instance"
    xsi:schemaLocation="http://www.loc.gov/MARC21/slim http://www.loc.gov/standards/marcxml/schema/MARC21slim.xsd"
    xmlns="http://www.loc.gov/MARC21/slim">

  <leader>01372nam a2200361Ia 4500</leader>
  <controlfield tag="001">Z_5546</controlfield>
  <controlfield tag="003">CHAP</controlfield>
  <controlfield tag="008">220113s2007    xx            000 0 und d</controlfield>
  <datafield tag="010" ind1=" " ind2=" ">
    <subfield code="a">168640</subfield>
  </datafield>
  <datafield tag="040" ind1=" " ind2=" ">
    <subfield code="c">CHAP</subfield>
  </datafield>
  <datafield tag="090" ind1=" " ind2=" ">
    <subfield code="a">Tesis D66 2023</subfield>
  </datafield>
  <datafield tag="100" ind1=" " ind2=" ">
    <subfield code="a">Dom&#xED;nguez Ordo&#xF1;ez, Mar&#xED;a Guadalupe</subfield>
    <subfield code="9">33863</subfield>
  </datafield>
  <datafield tag="245" ind1=" " ind2=" ">
    <subfield code="a">Comportamiento productivo y caracter&#xED;sticas de canal de corderos suplementados con fuentes de cromo  /</subfield>
    <subfield code="c">Mar&#xED;a Guadalupe Dom&#xED;nguez Ordo&#xF1;ez y Patricia Torres Velasco</subfield>
  </datafield>
  <datafield tag="260" ind1=" " ind2=" ">
    <subfield code="a">M&#xE9;xico  :</subfield>
    <subfield code="b">El autor,</subfield>
    <subfield code="c">2007</subfield>
  </datafield>
  <datafield tag="300" ind1=" " ind2=" ">
    <subfield code="a">62 h.</subfield>
  </datafield>
  <datafield tag="502" ind1=" " ind2=" ">
    <subfield code="a">Tesis (Ingeniero Agr&#xF3;nomo Especialista en Zootecnia) -- UACh, 2007 \ Direcci&#xF3;n: Carlos S&#xE1;nchez del Real ; asesor&#xED;a; Jos&#xE9; Artemio Cadena Meneses y Jaime Armend&#xE1;riz Mart&#xED;nez</subfield>
  </datafield>
  <datafield tag="650" ind1=" " ind2=" ">
    <subfield code="a">&#xC1;cidos grasos</subfield>
    <subfield code="9">82385</subfield>
  </datafield>
  <datafield tag="650" ind1=" " ind2=" ">
    <subfield code="a">Carne </subfield>
    <subfield code="x"></subfield>
    <subfield code="x"> Producci&#xF3;n \</subfield>
    <subfield code="9">142926</subfield>
  </datafield>
  <datafield tag="650" ind1=" " ind2=" ">
    <subfield code="a">Carne de borrego en canal \</subfield>
    <subfield code="9">19123</subfield>
  </datafield>
  <datafield tag="650" ind1=" " ind2=" ">
    <subfield code="a">Carne</subfield>
    <subfield code="x">Calidad \</subfield>
    <subfield code="9">19064</subfield>
  </datafield>
  <datafield tag="650" ind1=" " ind2=" ">
    <subfield code="a">Cromo en nutrici&#xF3;n animal  \</subfield>
    <subfield code="9">29151</subfield>
  </datafield>
  <datafield tag="650" ind1=" " ind2=" ">
    <subfield code="a">Minerales en nutrici&#xF3;n animal</subfield>
    <subfield code="9">75937</subfield>
  </datafield>
  <datafield tag="700" ind1=" " ind2=" ">
    <subfield code="a"> Armendar&#xED;z Mart&#xED;nez, Jaime, asesor</subfield>
    <subfield code="9">142927</subfield>
  </datafield>
  <datafield tag="700" ind1="1" ind2=" ">
    <subfield code="a"> Cadena Meneses, Jos&#xE9; Artemio</subfield>
    <subfield code="9">142550</subfield>
  </datafield>
  <datafield tag="700" ind1=" " ind2=" ">
    <subfield code="a"> S&#xE1;nchez del Real, Carlos, director </subfield>
    <subfield code="9">139076</subfield>
  </datafield>
  <datafield tag="700" ind1=" " ind2=" ">
    <subfield code="a">Torres Velasco, Patricia, coaut. </subfield>
    <subfield code="9">142928</subfield>
  </datafield>
  <datafield tag="901" ind1=" " ind2=" ">
    <subfield code="a">TESIS D66 2023</subfield>
  </datafield>
  <datafield tag="902" ind1=" " ind2=" ">
    <subfield code="a">M</subfield>
  </datafield>
  <datafield tag="910" ind1=" " ind2=" ">
    <subfield code="a">2007</subfield>
  </datafield>
  <datafield tag="942" ind1=" " ind2=" ">
    <subfield code="c">2</subfield>
  </datafield>
  <datafield tag="942" ind1=" " ind2=" ">
    <subfield code="c">2</subfield>
  </datafield>
  <datafield tag="999" ind1=" " ind2=" ">
    <subfield code="c">168640</subfield>
    <subfield code="d">168640</subfield>
  </datafield>
  <datafield tag="952" ind1=" " ind2=" ">
    <subfield code="0">0</subfield>
    <subfield code="1">0</subfield>
    <subfield code="4">0</subfield>
    <subfield code="7">0</subfield>
    <subfield code="a">Z</subfield>
    <subfield code="b">Z</subfield>
    <subfield code="c">1</subfield>
    <subfield code="d">2007-11-20</subfield>
    <subfield code="f">2</subfield>
    <subfield code="l">0</subfield>
    <subfield code="p">z_T 3458</subfield>
    <subfield code="r">2022-01-18 00:00:00</subfield>
    <subfield code="t">1</subfield>
    <subfield code="w">2022-01-18</subfield>
    <subfield code="y">2</subfield>
    <subfield code="z">2</subfield>
  </datafield>
  <datafield tag="952" ind1=" " ind2=" ">
    <subfield code="0">0</subfield>
    <subfield code="1">0</subfield>
    <subfield code="4">0</subfield>
    <subfield code="7">0</subfield>
    <subfield code="a">Z</subfield>
    <subfield code="b">Z</subfield>
    <subfield code="c">1</subfield>
    <subfield code="d">2007-11-20</subfield>
    <subfield code="f">2</subfield>
    <subfield code="l">0</subfield>
    <subfield code="p">z_T 3459</subfield>
    <subfield code="r">2022-01-18 00:00:00</subfield>
    <subfield code="t">2</subfield>
    <subfield code="w">2022-01-18</subfield>
    <subfield code="y">2</subfield>
    <subfield code="z">3</subfield>
  </datafield>
</record>
